000 00489 a2200145 4500
005 20250506123054.0
020 _a978-1-84762-320-1
082 _a658.107 PAR
245 _aGCSE Business and Communication Systems : The Revision Guide
260 _aNewcastle,
_bCoordination Group Publications Ltd ,
_c2009.
300 _a92p.: ill.; picture,
_bindex,
_c29cm.
700 _aEd by PARK, A [et al...]
856 _yAccess Online Book
_fCommunication
_dwww.cgpbooks.co.uk
942 _2ddc
_cBKS
999 _c2024
_d2024